000 01211nas a2200349 4500
001 BR2013010538
003 BR-BrBNA
005 20231205123511.0
007 ta
008 230509b bl.|||p| |||| 00| 00por d
040 _aBR-BrBNA
_bpor
_cBiblioteca Nacional de Agricultura
041 _a(Pt)
072 _aF03
100 1 _aLima, J.D.
100 1 _aAlmeida, C.C.
100 1 _aDantas, V.A.V.
100 1 _aSilva, B.M. da S. e
100 1 _aMoraes, W. da S.
100 1 _a
245 1 _aEfeito da temperatura e do substrato na germinação de sementes de Caesalpinia ferrea Mart. ex Tul. (Leguminosae, Caesalpinoideae)
246 1 _aEffect of temperature and substrate on seed germination Caesalpinia ferrea Mart. ex Tul. (leguminosae, caesalpinoideae)
650 _aSEMENTE
650 _aTEMPERATURA
650 _aSUBSTRATO DE CULTURA
650 _aGERMINAÇÃO
650 _aJUCA
650 _aCAESALPINIA FERREA
773 0 _tRevista Árvore (Brazil)
_xISSN 0100-6762
_g(Jul-Aug 2006), v. 30(4) p. 513-518
_wBR2013010538
856 4 _uhttp://www.scielo.br/pdf/rarv/v30n4/31671.pdf
_yRecurso eletrônico (PDF)
909 _a202311
_bLúcia
_c55
_dLúcia Elande
942 _2AGRIS
_n0
_cANA
999 _c234220
_d234220